Postavenie textilného priemyslu v kontexte znečisťovania životného prostredia v rozvojových krajinách bakalárska práca

Gespeichert in:
Bibliographische Detailangaben
1. Verfasser: Uhlíková, Beata
Körperschaft: Fakulta medzinárodných vzťahov EU. Katedra medzinárodných ekonomických vzťahov a hospodárskej diplomacie
Weitere Verfasser: Lacušová, Sabina, 1999-
Format: Buch
Sprache:Slowakisch
Veröffentlicht: Bratislava 2025
Tags: Tag hinzufügen
Keine Tags, Fügen Sie das erste Tag hinzu!

MARC

LEADER 00000nbm a2200000 4500
001 0309639
005 20260114130513.2
041 0 |a slo 
044 |a SK 
245 1 0 |a Postavenie textilného priemyslu v kontexte znečisťovania životného prostredia v rozvojových krajinách  |b bakalárska práca  |c Beata Uhlíková ; školiteľ: Sabina Lacušová 
264 1 |a Bratislava  |c 2025 
300 |a 43 s. 
100 1 |a Uhlíková, Beata 
700 1 |a Lacušová, Sabina, 1999- 
710 2 |a Fakulta medzinárodných vzťahov EU. Katedra medzinárodných ekonomických vzťahov a hospodárskej diplomacie